<?xml version="1.0" encoding="UTF-8"?>
<record
    xmlns:xsi="http://www.w3.org/2001/XMLSchema-instance"
    xsi:schemaLocation="http://www.loc.gov/MARC21/slim http://www.loc.gov/standards/marcxml/schema/MARC21slim.xsd"
    xmlns="http://www.loc.gov/MARC21/slim">

  <leader>00722nam a22001577a 4500</leader>
  <controlfield tag="003">OSt</controlfield>
  <controlfield tag="005">20151005150545.0</controlfield>
  <controlfield tag="008">151005b        xxu||||| |||| 00| 0 eng d</controlfield>
  <datafield tag="040" ind1=" " ind2=" ">
    <subfield code="c">RUA </subfield>
  </datafield>
  <datafield tag="082" ind1=" " ind2=" ">
    <subfield code="a">AVM HUO 2005 B075 Or.1</subfield>
  </datafield>
  <datafield tag="100" ind1=" " ind2=" ">
    <subfield code="9">2052</subfield>
    <subfield code="a">HUOT VANNARA</subfield>
  </datafield>
  <datafield tag="245" ind1=" " ind2=" ">
    <subfield code="a">Effect of mating proportion between male and female ducks on fertility and hatching rate of local ducks, (&#x17A5;&#x1791;&#x17D2;&#x1792;&#x17B7;&#x1796;&#x179B;&#x1793;&#x17C3;&#x179F;&#x1798;&#x17B6;&#x1798;&#x17B6;&#x178F;&#x17D2;&#x179A;&#x1791;&#x17B6;&#x1788;&#x17D2;&#x1798;&#x17C4;&#x179B;&#x1794;&#x1784;&#x17D2;&#x1780;&#x17B6;&#x178F;&#x17CB;&#x1791;&#x17B6;&#x1789;&#x17B8;&#x179B;&#x17BE;&#x17A2;&#x178F;&#x17D2;&#x179A;&#x17B6;&#x1794;&#x1784;&#x17D2;&#x1780;&#x1780;&#x17C6;&#x178E;&#x17BE;&#x178F; &#x1793;&#x17B7;&#x1784; &#x17A2;&#x178F;&#x17D2;&#x179A;&#x17B6;&#x1789;&#x17B6;&#x179F;&#x17CB;&#x179A;&#x1794;&#x179F;&#x17CB;&#x1796;&#x17BC;&#x1787;&#x1791;&#x17B6;&#x1780;&#x17D2;&#x1793;&#x17BB;&#x1784;&#x179F;&#x17D2;&#x179A;&#x17BB;&#x1780;)</subfield>
  </datafield>
  <datafield tag="260" ind1=" " ind2=" ">
    <subfield code="a">phnom penh </subfield>
    <subfield code="b">RUA </subfield>
    <subfield code="c">2005</subfield>
  </datafield>
  <datafield tag="300" ind1=" " ind2=" ">
    <subfield code="a">ix, 44p. </subfield>
    <subfield code="b">ill.</subfield>
    <subfield code="c">29cm.</subfield>
  </datafield>
  <datafield tag="942" ind1=" " ind2=" ">
    <subfield code="2">ddc</subfield>
    <subfield code="c">AVM</subfield>
  </datafield>
  <datafield tag="999" ind1=" " ind2=" ">
    <subfield code="c">1938</subfield>
    <subfield code="d">1938</subfield>
  </datafield>
  <datafield tag="952" ind1=" " ind2=" ">
    <subfield code="0">0</subfield>
    <subfield code="1">0</subfield>
    <subfield code="2">ddc</subfield>
    <subfield code="4">0</subfield>
    <subfield code="6">AVM_HUO_2005_000000000000000_B075_OR_1</subfield>
    <subfield code="7">0</subfield>
    <subfield code="9">8083</subfield>
    <subfield code="a">LBB</subfield>
    <subfield code="b">LBB</subfield>
    <subfield code="c">B075</subfield>
    <subfield code="d">2015-10-05</subfield>
    <subfield code="o">AVM HUO 2005 B075 Or.1</subfield>
    <subfield code="p">RUA016670</subfield>
    <subfield code="r">2015-10-05</subfield>
    <subfield code="w">2015-10-05</subfield>
    <subfield code="y">AVM</subfield>
  </datafield>
  <datafield tag="952" ind1=" " ind2=" ">
    <subfield code="0">0</subfield>
    <subfield code="1">0</subfield>
    <subfield code="2">ddc</subfield>
    <subfield code="4">0</subfield>
    <subfield code="6">AVM_HUO_2005_000000000000000_B075_OR_2</subfield>
    <subfield code="7">0</subfield>
    <subfield code="9">8084</subfield>
    <subfield code="a">LBB</subfield>
    <subfield code="b">LBB</subfield>
    <subfield code="c">B075</subfield>
    <subfield code="d">2015-10-05</subfield>
    <subfield code="o">AVM HUO 2005 B075 Or.2</subfield>
    <subfield code="p">RUA007954</subfield>
    <subfield code="r">2015-10-05</subfield>
    <subfield code="w">2015-10-05</subfield>
    <subfield code="y">AVM</subfield>
  </datafield>
  <datafield tag="952" ind1=" " ind2=" ">
    <subfield code="0">0</subfield>
    <subfield code="1">0</subfield>
    <subfield code="2">ddc</subfield>
    <subfield code="4">0</subfield>
    <subfield code="6">AVM_HUO_2005_000000000000000_B075_OR_3</subfield>
    <subfield code="7">0</subfield>
    <subfield code="9">8383</subfield>
    <subfield code="a">LBB</subfield>
    <subfield code="b">LBB</subfield>
    <subfield code="d">2015-10-06</subfield>
    <subfield code="l">2</subfield>
    <subfield code="o">AVM HUO 2005 B075 Or.3</subfield>
    <subfield code="p">RUA020029</subfield>
    <subfield code="r">2018-11-05</subfield>
    <subfield code="s">2018-10-24</subfield>
    <subfield code="w">2015-10-06</subfield>
    <subfield code="y">AVM</subfield>
  </datafield>
</record>
